| 000 | 01130nam a2200265Ia 4500 | ||
|---|---|---|---|
| 001 | 201.9-Pic gr (2530) | ||
| 003 | IT-MiSPE | ||
| 008 | 171229s9999||||xx |||||||||||||| ||und|| | ||
| 040 |
_aIT-MiSPE _cIT-MiSPE |
||
| 041 | _aITALIANO | ||
| 100 | _aAndré Godin | ||
| 240 | _aAdult et enfant devant Dieu | ||
| 245 | 0 |
_aPiccoli e grandi davanti a Dio _bSaggi di psicologia religiosa |
|
| 250 | _a1a ed. (v) | ||
| 260 |
_aRoma _bEd. Paoline _c1964 |
||
| 300 |
_a321 p. _c18 cm |
||
| 490 |
_aBiblioteca di cultura religiosa: II _v71 |
||
| 500 | _aPsicologia religiosa | ||
| 501 | _aEdizioni San Paolo srl - Piazza Soncino, 5 - 20092 CINISELLO BALSAMO (MI) (non commercial uses only) ® Copyright 2018 | ||
| 520 | _aAA.VV. | ||
| 700 |
_aMario Viglietti _g(traduzione) |
||
| 942 | _cBK | ||
| 957 | _71 | ||
| 999 |
_a6728 _bNO _g Copie: 1 _c337392 _d337392 |
||